| 000 | 00579nam a2200181 i 4500 | ||
|---|---|---|---|
| 001 | 96962 | ||
| 003 | ES-MaACL | ||
| 005 | 20230906182018.0 | ||
| 007 | t| | ||
| 008 | 050705s1933 fr ||||1| fre d | ||
| 100 | 1 |
_aMansfield, Katherine. _976116 |
|
| 245 | 1 | 0 |
_aJournal / _cKatherine Mansfield; précédé d'une introduction par John Middleton Murry; traduit par Marthe Duproix. |
| 260 |
_aParis : _b[s.n.], _c1933 ( _fF. Paillart) |
||
| 300 |
_a260 p. ; _c19 cm. |
||
| 700 | 0 |
_aMurry, John Middleton. _984653 |
|
| 700 | 1 |
_aDuproix, Marthe. _946122 |
|
| 852 |
_aES-MaACL _jA-3772 |
||
| 999 |
_c96962 _d96962 |
||